Hagers Handbuch der pharmazeutischen Praxis Folgeband 1. Waren und Dienste

Gespeichert in:
Bibliographische Detailangaben
Hauptverfasser: Wurm, Gisela (Verfasst von), Schneemann, Hubert (Verfasst von)
Format: Buch
Sprache:Deutsch
Veröffentlicht: Berlin, Heidelberg Springer-Verlag 1995
Ausgabe:5., vollständig neubear. Aufl.
Schlagworte:
Online-Zugang:Im OPAC anzeigen
Tags: Tag hinzufügen
Keine Tags, Fügen Sie das erste Tag hinzu!

MARC

LEADER 00000nam a2200000 a 4500
005 20260127134304.0
008 090316s1995RRRRgw a g 0 ger c
015 |a SNBA2004/02-00650 
020 |a 3540589589 
035 |a vtls009483659 
039 9 |y 200903161032  |z mschk03 
040 |a STUSCHK1  |b slo  |c STUSCHK1  |e AACR2 
072 7 |a 33  |2 konspekt 
080 |a 615 
245 1 |a Hagers Handbuch der pharmazeutischen Praxis  |n Folgeband 1. Waren und Dienste  |c Hubert Schneemann, Gisela Wurm [Hrsg.] 
250 |a 5., vollständig neubear. Aufl. 
260 |a Berlin, Heidelberg  |b Springer-Verlag  |c 1995 
300 |a xxx, 1019 s.  |b il.  |c 24,5 cm 
650 0 7 |a farmácia  |2 SNK 
700 0 |a Wurm, Gisela  |4 aut 
700 0 |a Schneemann, Hubert  |4 aut 
910 |a SCHK95 
919 |a 3-540-58958-9 
999 |c 8847  |d 8847